Finland Country Quiz - Statistics

General Stats
  • This quiz has been taken 243 times
  • The average score is 9 of 15
Answer Stats
Hint Answer % Correct
Capital Helsinki
100%
Third largest city Turku
93%
Second Largest City Tampere
92%
Currency Euro
84%
Largest lake Lake Saimaa
75%
Fourth Largest city Oulu
73%
Highest Point Halti
64%
Above is in what province? Lapland
63%
Capital of above province Rovaniemi
58%
Jomala is on what island group in the baltic sea? Aland Islands
51%
Largest lake north of the arctic circle Lake Inari
43%
Longest River Kemijoki
33%
Second largest lake Lake Paijanne
28%
River between Sweden and Finland Torne River
25%
Largest National Park in #9 Lemmenjoki National Park
11%
No matching quizzes found
Score Distribution
Percent of People with Each Score
Percentile by Number Answered
Your Score History
You have not taken this quiz